Online
Catalog

Las entrañas de un poder gansterizado : (Record no. 14656)

MARC details
000 -CABECERA
campo de control de longitud fija 00963nam a2200241 a 4500
001 - NÚMERO DE CONTROL
campo de control 000015084
005 - FECHA Y HORA DE LA ÚLTIMA TRANSACCIÓN
campo de control 20250621074005.0
008 - DATOS DE LONGITUD FIJA--INFORMACIÓN GENERAL
campo de control de longitud fija 100201s2003 dr ad 001 0 spa d
040 ## - FUENTE DE LA CATALOGACIÓN
Centro catalogador/agencia de origen DO-SdBNP
Lengua de catalogación spa
Centro/agencia transcriptor BNPHU
082 ## - NÚMERO DE LA CLASIFICACIÓN DECIMAL DEWEY
Número de clasificación 332.75
Número de documento/Ítem I73e
100 1# - ENTRADA PRINCIPAL--NOMBRE DE PERSONA
Nombre de persona Isa Conde, Narciso,
Fechas asociadas al nombre 1942-
9 (RLIN) 12387
245 14 - MENCIÓN DE TÍTULO
Título Las entrañas de un poder gansterizado :
Resto del título BANINTER: siete pecados capitales, el testimonio de la crisis y mucho más /
Mención de responsabilidad, etc. Narciso Isa Conde, Fernando Peña.
260 ## - PUBLICACIÓN, DISTRIBUCIÓN, ETC.
Lugar de publicación, distribución, etc. Santo Domingo :
Nombre del editor, distribuidor, etc. Tiro al blanco,
Fecha de publicación, distribución, etc. 2003.
300 ## - DESCRIPCIÓN FÍSICA
Extensión 242 p. :
Otras características físicas il., tablas ;
Dimensiones 22 cm.
504 ## - NOTA DE BIBLIOGRAFÍA, ETC.
Nota de bibliografía, etc. Bibliografía: p. 240-242.
590 ## - NOTA LOCAL (RLIN)
Nota local Inventariado, 2018/LP
650 #4 - PUNTO DE ACCESO ADICIONAL DE MATERIA--TÉRMINO DE MATERIA
Término de materia o nombre geográfico como elemento de entrada Crisis bancaria
Subdivisión geográfica República Dominicana
9 (RLIN) 34157
650 #4 - PUNTO DE ACCESO ADICIONAL DE MATERIA--TÉRMINO DE MATERIA
Término de materia o nombre geográfico como elemento de entrada Bancos
Subdivisión general Prácticas corruptas
Subdivisión geográfica República Dominicana
9 (RLIN) 18308
650 #4 - PUNTO DE ACCESO ADICIONAL DE MATERIA--TÉRMINO DE MATERIA
Término de materia o nombre geográfico como elemento de entrada Fraude bancario
9 (RLIN) 31889
651 #0 - PUNTO DE ACCESO ADICIONAL DE MATERIA--NOMBRE GEOGRÁFICO
Nombre geográfico República Dominicana
Subdivisión general Política y gobierno
9 (RLIN) 45
700 1# - PUNTO DE ACCESO ADICIONAL--NOMBRE DE PERSONA
Nombre de persona Peña, Fernando A.,
9 (RLIN) 34158
910 ## - DATOS DE OPCIÓN DEL USUARIO (OCLC)
Datos de opción del usuario Validado. Control de calidad EMS
Holdings
Estado de retiro Estado de pérdida Restricciones de uso No para préstamo Código de colección Localización permanente Ubicación/localización actual Ubicación en estantería Fecha de adquisición Número de inventario Total de préstamos Signatura topográfica completa Código de barras Fecha visto por última vez Número de copia Precio válido a partir de Tipo de ítem Koha
        Dominicana de Servicio General General Depósito 11.10.2010 LF1   332.75 I73e 15084-30 25.06.2020 e. 3 25.06.2020 Libro y Folleto Colección Dominicana de Servicio
      Excluido de préstamo Patrimonio Dominicano Patrimonio Dominicano Patrimonio Dominicano Depósito 01.02.2010 LF1   332.75 I73e 15084-10 25.06.2020   25.06.2020 Libro y Folleto Colección Patrimonio Dominicano
      Excluido de préstamo Patrimonio Dominicano Patrimonio Dominicano Patrimonio Dominicano Depósito 01.02.2010 LF1   332.75 I73e 15084-20 25.06.2020 e. 2 25.06.2020 Libro y Folleto Colección Patrimonio Dominicano
        Dominicana de Servicio Patrimonio Dominicano Patrimonio Dominicano Depósito 20.02.2015 LF1   332.75 I73e 15084-60 25.06.2020 e. 4 25.06.2020 Libro y Folleto Colección Dominicana de Servicio
        Dominicana de Servicio Patrimonio Dominicano Patrimonio Dominicano Depósito 11.05.2015 LF1   332.75 I73e 15084-70 25.06.2020 e. 5 25.06.2020 Libro y Folleto Colección Dominicana de Servicio

Powered by Koha